| 000 | 00726cam a2200229 a 4500 | ||
|---|---|---|---|
| 003 | OSt | ||
| 005 | 20160413153855.0 | ||
| 008 | 880728s1989 nyua b 001 0 eng | ||
| 020 | _a870055852 | ||
| 040 | _aSEKU | ||
| 050 | 0 | 0 |
_aGT 511 _b.M8 |
| 100 | 1 | _aMurray, Maggie Pexton. | |
| 245 | 1 | 0 |
_aChanging styles in fashion : _bwho, what, why / _cMaggie Pexton Murray ; original illustrations by Polly Tribolet. |
| 260 |
_aNew York : _bFairchild Publications, _c1989. |
||
| 300 |
_a252 p. : _bill. ; _c29 cm. |
||
| 500 | _aIncludes index. | ||
| 504 | _aBibliography: p. 243-246. | ||
| 650 | 0 |
_aFashion _xHistory. |
|
| 650 | 0 |
_aFashion _xHistory _y20th century. |
|
| 650 | 0 |
_aFashion _zUnited States _xHistory. |
|
| 942 |
_2lcc _cGEN |
||
| 999 |
_c12636 _d12636 |
||